Novela autorského zákona

Príspevok reaguje na právny stav, ktorý nastal 1. augusta 2000, keď nadobudol účinnosť zákon č. 234//2000 Z.z., ktorým sa mení a dopĺňa Colný zákon v znení neskorších predpisov a zákon, ktorým sa mení a dopĺňa zákon č. 283/1997 Z.z. o kolektívnej správe práv podľa autorského zákona a o zmene a dopln...

ver descrição completa

Na minha lista:
Detalhes bibliográficos
Autor principal: Muríň, Peter
Formato: Capítulo de Livro
Idioma:eslovaco
Assuntos:
Tags: Adicionar Tag
Sem tags, seja o primeiro a adicionar uma tag!

MARC

LEADER 00000naa a2200000 4500
001 r039604
005 20230919115251.3
041 0 |a slo 
044 |a SK 
245 1 0 |a Novela autorského zákona  |c Peter Muríň 
520 |a Príspevok reaguje na právny stav, ktorý nastal 1. augusta 2000, keď nadobudol účinnosť zákon č. 234//2000 Z.z., ktorým sa mení a dopĺňa Colný zákon v znení neskorších predpisov a zákon, ktorým sa mení a dopĺňa zákon č. 283/1997 Z.z. o kolektívnej správe práv podľa autorského zákona a o zmene a doplnení niektorých zákonov. 
610 2 0 |a právo autorské 
610 2 0 |a zákony 
610 2 0 |a novelizácia 
610 2 0 |a právo colné 
610 2 0 |a Slovensko 
100 1 |a Muríň, Peter